| 000 | 00000nam##2200000za#4500 |
| 001 | 9.599498 |
| 003 | CaOODSP |
| 005 | 20240501092930 |
| 007 | cr ||||||||||| |
| 008 | 150406|1993||||xxc|||||o f|0| 0 fre|d |
| 040 | |aCaOODSP|bfre |
| 043 | |an-cn--- |
| 086 | 1 |aPS83-3/30F-PDF |
| 110 | 2 |aService correctionnel Canada. |
| 245 | 10|aExamen des antécédents des délinquants sexuels dans le système correctionnel fédéral / |h[ressource électronique]|cpar Laurence L. Motiuk et Frank J. Porporino. |
| 260 | |bService correctionnel Canada |cAvril 1993. |
| 300 | |a109p.|bréférences, tableaux |
| 490 | 1 |aRapport de recherche|vR-30 |
| 590 | |a10-09-Supp|b2010-11-02 |
| 720 | 1 |aMotiuk, Laurence L. |
| 720 | 1 |aPorporino, Frank J. |
| 775 | 08|tAn examination of sex offender case histories in federal corrections / |w(CaOODSP)9.568208 |
| 830 | #0|aRapport de recherche (Service correctionnel Canada. Direction de la recherche)|vR-30|w(CaOODSP)9.502465 |
| 856 | 40|ahttp://publications.gc.ca|qPDF|s299 Ko|uhttps://publications.gc.ca/collections/collection_2010/scc-csc/PS83-3-30-fra.pdf|yR-30 |